000 00608 a2200181 4500
020 _c350.00
035 _aB-79554
037 _bRP-ZLS-1852 / PANSY-03-04:32 / RP-03-04:ENG154
082 1 4 _a385.0954
090 _c1744
_d1744
100 1 _aAgarwal, M.M.
245 1 _aIndian railway track
_bdesign, construction, maintenance & modernisation
_cby M.M. Agarwal
250 _a14 rev. ed. rep 2003
260 _aDelhi
_bPrabha
_c2003
300 _axviii, 1000 p
_bill
_c23 cm (HB)
942 _adpl
_cEN
_k385.0954 AGA
999 _c1713
_d1713